Retratos de nuestra identidad: los censos de población en Chile y su evolución histórica hacia el bicentenario
Saved in:
| Institution som forfatter: | |
|---|---|
| Format: | Bog |
| Sprog: | spansk |
| Udgivet: |
Santiago
INE
2009
|
| Udgivelse: | 1a. ed |
| Fag: | |
| Tags: |
Tilføj Tag
Ingen Tags, Vær først til at tagge denne postø!
|
MARC
| LEADER | 00000nam a2200000 a 4500 | ||
|---|---|---|---|
| 001 | UCH8768 | ||
| 003 | CL-VaPUC | ||
| 008 | 091211e20090700CL |||||||||||||||||spa|d | ||
| 020 | |a 9789563230352 | ||
| 082 | 0 | 4 | |a 304.6 |b INS |2 21 |
| 110 | 2 | |a Instituto Nacional de Estadísticas |e author |9 545395 | |
| 245 | 1 | 0 | |a Retratos de nuestra identidad: los censos de población en Chile y su evolución histórica hacia el bicentenario |
| 250 | |a 1a. ed | ||
| 300 | |a 196 p | ||
| 942 | |c BK | ||
| 945 | |d 20091211 00:00:00 |a cmena | ||
| 260 | |a Santiago |b INE |c 2009 | ||
| 650 | 7 | |a CENSOS |2 CL-VaPUC |9 317246 | |
| 650 | 0 | |a Demografía |9 260008 | |
| 650 | 0 | |a Estadísticas |9 258644 | |
| 650 | 0 | |a Población |9 257577 | |
| 651 | 7 | |a CHILE |2 CL-VaPUC |9 545396 | |
| 583 | |a last modification |c 20091211 00:00:00 |k Rodrigo Vera | ||
| 999 | |c 338876 |d 338874 | ||
| 952 | |0 0 |1 0 |4 0 |6 304_600000000000000_INS_2009 |7 0 |8 X |9 432146 |a FDOBUD |b FDOBUD |d 2019-11-22 |i 4617568 |o 304.6 INS 2009 |p 4617568 |r 2019-11-22 |w 2019-11-22 |y BK_X |k BUD | ||